000 00764nas a2200277 4500
001 BR7803014
003 BR-BrBNA
005 20231205083431.0
007 ta
008 230509b bl.|||p| |||| 00| 00por d
040 _aBR-BrBNA
_bpor
_cBiblioteca Nacional de Agricultura
041 _a(Pt)
072 _aL30
100 1 _aAriki, J.
100 1 _aKronka, R.N.
100 1 _aCosenza, G.W.
245 1 _aAntibioticos em racoes a base de sorgo para frangos de corte
650 _aNUTRICAO ANIMAL
650 _aFRANGO DE CORTE
650 _aSORGO
650 _aRACAO
650 _aANTIBIOTICO
773 0 _tCientifica (Brazil)
_xISSN 0100-0039
_g(1977), v. 5(2) p. 209-212
_wBR7803014
909 _a202311
_bLúcia
_c55
_dLúcia Elande
942 _2AGRIS
_n0
_cANA
999 _c98719
_d98719